El Heraldo (Record no. 1153)
[ view plain ]
| 000 -LEADER | |
|---|---|
| campo de control de longitud fija | 00975nas a2200265 i 4500 |
| 001 - NÚMERO DE CONTROL | |
| campo de control | 1153 |
| 003 - IDENTIFICADOR DE NÚMERO DE CONTROL | |
| campo de control | ES-MaACL |
| 005 - FECHA Y HORA DE LA ÚLTIMA TRANSACCIÓN | |
| campo de control | 20250718150757.0 |
| 007 - CAMPO FIJO DE DESCRIPCIÓN FÍSICA--INFORMACIÓN GENERAL | |
| campo de control de longitud fija | t| |
| 008 - DATOS DE LONGITUD FIJA--INFORMACIÓN GENERAL | |
| campo de control de longitud fija | 950801d18421854sp | | 1 ||pa d |
| 080 ## - NÚMERO DE LA CLASIFICACIÓN DECIMAL UNIVERSAL | |
| Número de la Clasificación Decimal Universal | (054) |
| 245 03 - MENCIÓN DEL TÍTULO | |
| Título | El Heraldo |
| Resto del título | : periódico político, religioso, literario e industrial. |
| 260 ## - PUBLICACIÓN, DISTRIBUCIÓN, ETC. | |
| Lugar de publicación, distribución, etc. | Madrid : |
| Nombre del editor, distribuidor, etc. | El Heraldo, |
| Fecha de publicación, distribución, etc. | 1842-1854 ( |
| Fabricante | Agustín Espinosa y Cia) |
| 300 ## - DESCRIPCIÓN FÍSICA | |
| Extensión | 21 v. ; |
| Dimensiones | 51 cm. |
| 310 ## - PERIODICIDAD ACTUAL | |
| Periodicidad actual | Diaria, excepto lunes y domingos |
| 362 0# - FECHAS DE PUBLICACIÓN Y/O DESIGNACIÓN SECUENCIAL | |
| Fecha de publicación y/o designación secuencial | N. 1 (16 jun. 1842)-n. 3719 (16 jul. 1854) |
| 555 ## - NOTA DE ÍNDICE ACUMULATIVO U OTROS INSTRUMENTOS BIBLIOGRÁFICOS | |
| Nota de índice acumulativo u otros instrumentos bibliográficos | Índice de escritores en: Veinticuatro diarios, Madrid 1830-1900 (Madrid : CSIC, Instituto Miguel de Cervantes, 1968) |
| 580 ## - NOTA DE RELACIÓN COMPLEJA | |
| Nota de relación compleja | En 1844 absorbe a: El Corresponsal (Madrid) |
| 650 14 - PUNTO DE ACCESO ADICIONAL DE MATERIA--TÉRMINO DE MATERIA | |
| Término de materia o nombre geográfico como elemento de entrada | Periódicos |
| 9 (RLIN) | 15941 |
| 852 ## - LOCALIZACIÓN | |
| Ubicación | ES-MaACL |
| Número de control de estantería | HEM-GF-2 |
| Signatura antigua | Olim: Hem-252-C |
| 856 ## - LOCALIZACIÓN Y ACCESO ELECTRÓNICOS | |
| Identificador Uniforme de Recursos | <a href="http://hemerotecadigital.bne.es/issn/1889-8963 ">http://hemerotecadigital.bne.es/issn/1889-8963 </a> |
| Nota pública | Ir a la página |
| 866 #0 - MENCIÓN TEXTUAL DE FONDOS--UNIDAD BIBLIOGRÁFICA BÁSICA | |
| Fondos | 1843-52(1853). |
| 942 ## - ELEMENTOS DE ENTRADA SECUNDARIOS (KOHA) | |
| Fuente del sistema de clasificación o colocación | Clasificación decimal universal |
| Tipo de ítem Koha | Periódico |
| Estatus retirado | Estado de pérdida | Fuente del sistema de clasificación o colocación | Estado de daño | No para préstamo | Colección | Biblioteca de origen | Biblioteca actual | Ubicación en estantería | Fecha de adquisición | Total de préstamos | Signatura topográfica completa | Código de barras | Visto por última vez | Precio de reemplazo | Tipo de ítem Koha |
|---|---|---|---|---|---|---|---|---|---|---|---|---|---|---|---|
| Clasificación decimal universal | Periódicos y Revistas | Biblioteca del Ateneo de Madrid | Biblioteca del Ateneo de Madrid | Depósito 1 | 17/01/2008 | HEM-GF-2 | 1001175 | 23/02/2023 | 23/02/2023 | Periódico |
